000 00623nam a2200229Ia 4500
003 OSt
005 20221007072923.0
006 a|||||r|||| 00| 0
007 ta
008 221006b |||||||| |||| 00| 0 eng d
024 _a10,191
037 _cTextual
040 _aFLL
_cFLL
_beng
041 _2eng
_aeng
082 _aY1:45, K8
100 _aChapman Dennis Au.
_9691638
245 0 _aSociology and the stereotype of the criminal
260 _aLondon
_bTavistock pub. London
_c1968
300 _axii,260p
_ccm.
942 _hY1:45, K8
_cTEXL
_2CC
999 _c1147291
_d1147291